Word Ladder: So Long... Quiz Stats

 Plays Quiz Updated May 9, 2016

Challenge
Share
Tweet
Embed
Score 0/18 Timer 02:00
0 Plays Today
Hint 4-Letter Word % Correct
• Shakespeare play: 'All's ____ That Ends ____' •• WELL •
96.1%
• Cost of a bus ride •• FARE •
95.1%
What you do to a gas tankFILL
95.1%
Fingernail smootherFILE
95.1%
Use a blowtorch to join metalWELD
93.7%
'Au' elementGOLD
90.6%
Something in the hole?FIRE
86.7%
Hilly regionWOLD
81%
Sam Adams, Redhook, or Blue Moon, e.g.BEER
79.9%
Hint 4-Letter Word % Correct
• Common idiom: ____ as [previous rung] •• GOOD •
77.6%
Farmer location, according to children's songDELL
76%
Popular 1970s accessory: ____ ringMOOD
75.8%
Apian insects with a 'secret life'BEES
73.2%
Scout's pal in 'To Kill a Mockingbird'DILL
72.5%
8th century invader of SpainMOOR
62.3%
South African war for freedomBOER
62%
Unrefined personBOOR
61.3%
• In a tournament, automatic passes to the next round •• BYES •
55.7%

Today's Daily Dose

You're not logged in!

Compare scores with friends on all Sporcle quizzes.
Join for Free
OR
Log In

You Might Also Like...

Show Comments

Extras

Top Quizzes Today


Score Distribution

Your Account Isn't Verified!

In order to create a playlist on Sporcle, you need to verify the email address you used during registration. Go to your Sporcle Settings to finish the process.

Report this User

Report this user for behavior that violates our Community Guidelines.

Details: